WBCS : (Record no. 168599)

MARC details
000 -LEADER
fixed length control field 00571nam a22001817a 4500
005 - DATE AND TIME OF LATEST TRANSACTION
control field 20210907111857.0
010 ## - LCCN (DPL NO)
LC control number ENG-126676
020 ## - INTERNATIONAL STANDARD BOOK NUMBER
International Standard Book Number 9789353162566
Terms of availability 725.00
035 ## - SYSTEM CONTROL NUMBER
System control number EN-110208
037 ## - SOURCE OF ACQUISITION
Source of stock number/acquisition DBAD/PUB
082 ## - DEWEY DECIMAL CLASSIFICATION NUMBER
Classification number 000
100 ## - MAIN ENTRY--PERSONAL NAME
Personal name Singhania, Nitin
245 ## - TITLE STATEMENT
Title WBCS :
Remainder of title general studies manual /
Statement of responsibility, etc by Nitin Singhania
260 ## - PUBLICATION, DISTRIBUTION, ETC. (IMPRINT)
Place of publication, distribution, etc Chennai
Name of publisher, distributor, etc McGraw Hill Education
Date of publication, distribution, etc 2019
270 ## - ADDRESS
Address 444/1, Sri Ekambara Naicker Industrial Estate
City Alapakkam, Porur, Chenai
Postal code 600116
300 ## - PHYSICAL DESCRIPTION
Extent various paging.
Dimensions 27cm(pbk)
942 ## - ADDED ENTRY ELEMENTS (KOHA)
Source of classification or shelving scheme Dewey Decimal Classification
Item type English Books
Classification part 000
Call number suffix SIN
Holdings
Withdrawn status Lost status Not for loan Collection code Home library Current library Date acquired Source of acquisition Cost, normal purchase price Full call number Barcode Copy number Cost, replacement price Koha item type
      Non-fiction Sarojini Nagar Sarojini Nagar 16/10/2019 DBAD/PUB 725.00 000 SIN EN-110208 1 725.00 English Books

© Delhi Public Library
Hit Counter
free hit counter